UBT Library

Intermediate accounting / (Record no. 40449)

000 -LEADER
fixed length control field 00951cam a2200289 a 4500
001 - CONTROL NUMBER
control field 17093117
005 - DATE AND TIME OF LATEST TRANSACTION
control field 20180118045351.0
008 - FIXED-LENGTH DATA ELEMENTS--GENERAL INFORMATION
fixed length control field 111222s2013 nyua 001 0 eng
010 ## - LIBRARY OF CONGRESS CONTROL NUMBER
LC control number 2011052284
020 ## - INTERNATIONAL STANDARD BOOK NUMBER
International Standard Book Number 9780078025327 (combined edition : alk. paper)
020 ## - INTERNATIONAL STANDARD BOOK NUMBER
International Standard Book Number 007802532X (combined edition : alk. paper)
020 ## - INTERNATIONAL STANDARD BOOK NUMBER
International Standard Book Number 9780077446499 (volume 1 : alk. paper)
020 ## - INTERNATIONAL STANDARD BOOK NUMBER
International Standard Book Number 0077446496 (volume 1 : alk. paper)
020 ## - INTERNATIONAL STANDARD BOOK NUMBER
International Standard Book Number 9780077446482 (volume 2 : alk. paper)
020 ## - INTERNATIONAL STANDARD BOOK NUMBER
International Standard Book Number 0077446488 (volume 2 : alk. paper)
040 ## - CATALOGING SOURCE
Original cataloging agency DLC
Transcribing agency DLC
Modifying agency DLC
041 ## - LANGUAGE CODE
Language code of text/sound track or separate title eng
042 ## - AUTHENTICATION CODE
Authentication code pcc
080 ## - UNIVERSAL DECIMAL CLASSIFICATION NUMBER
Universal Decimal Classification number 657.044
082 00 - DEWEY DECIMAL CLASSIFICATION NUMBER
Classification number 657.044 SPI
Edition number 23
100 1# - Rafti
Rafti 61
101 ## - Shkurtesa
Shkurtesa KON
245 10 - TITLE STATEMENT
Title Intermediate accounting /
Statement of responsibility, etc J. David Spiceland, James F. Sepe, Mark W. Nelson.
906 ## - LOCAL DATA ELEMENT F, LDF (RLIN)
a 7
b cbc
c orignew
d 1
e ecip
f 20
g y-gencatlg
942 ## - ADDED ENTRY ELEMENTS (KOHA)
Source of classification or shelving scheme
Item type Books
Holdings
Withdrawn status Lost status Source of classification or shelving scheme Damaged status Not for loan Collection code Permanent location Current location Shelving location Date acquired Total Checkouts Full call number Barcode Date last seen Price effective from Koha item type
          Koleksioni i përgjithshem UBT - Lipjan UBT - Lipjan Koleksioni i përgjithshem 01/18/2018   657.044 SPI 002-2995831 01/18/2018 01/18/2018 Books
UBT Library © 2015-2024. All rights reserved University Education for Business and Technology